| 000 | 00890nam0a2200265 4500 | ||
|---|---|---|---|
| 001 | RU\NLR\BIBL_A\011481119 | ||
| 005 | 20250806210343.0 | ||
| 035 | _a(NLR Aleph) 011481119 | ||
| 090 |
_a16760 _c16760 |
||
| 100 | _a20170929d1942 m y0rusy50 ca | ||
| 101 | 1 |
_ache _crus |
|
| 102 | _aRU | ||
| 105 | _ay z 000 y | ||
| 200 | 1 |
_aСтихаш _e[пер. с рус.] _fМ. Ю. Лермонтов |
|
| 210 |
_aСоьлж-ГIала _cНохчгIалгIпачхьалкхиздат _d1942 |
||
| 215 |
_a73,[1] с. _d17 |
||
| 541 | 1 |
_aСтихи _zrus |
|
| 686 | 1 | _aШ6(2=Че)-91Р5-5 | |
| 700 | 1 |
_aЛермонтов _bМ. Ю. _f1814-1841 _gМихаил Юрьевич _3RU\NLR\auth\77328 _4070 |
|
| 852 |
_aNLR _bОНЛ _jЧеч./2-82 |
||
| 942 | _cBOOK | ||
| 945 | _aРоссийская национальная библиотека | ||
| 980 | _aNB | ||
| 980 | _aBV | ||